Christianity and Comparative Religion. (Record no. 3070)

MARC details
000 -LEADER
fixed length control field 00603nam a2200241 a 4500
020 ## - INTERNATIONAL STANDARD BOOK NUMBER
ISBN
082 00 - DEWEY DECIMAL CLASSIFICATION NUMBER
Classification number 291
Author Cutter AND2
100 ## - MAIN ENTRY--AUTHOR NAME
Author name Anderson, J N D
245 ## - TITLE STATEMENT
Title Christianity and Comparative Religion.
260 ## - PUBLICATION, DISTRIBUTION, ETC. (IMPRINT)
Place of publication Leicester
Name of publisher Inter Varsity Press
Year of publication 1973
300 ## - PHYSICAL DESCRIPTION
Number of Pages 126p
500 ## - GENERAL NOTE
General note includes index and biblioraphy
505 2# - FORMATTED CONTENTS NOTE
Formatted contents note bibl, Ref. Index
650 ## - SUBJECT ADDED ENTRY--TOPICAL TERM
Topical Term Comparative Religion
942 ## - ADDED ENTRY ELEMENTS (KOHA)
Koha item type Books
700 1# -
-- Anderson, J N D
Holdings
Collection code Home library Current library Date acquired Cost, normal purchase price Full call number Accession Number Koha item type
  Henry Martyn Institute Library Henry Martyn Institute Library 07/19/2007 10.00 291 AND2 09269 Books
                   Copyright © 2026 | Henry Martyn Institute | Hyderabad | TS-500052 | INDIA | Implemented by hmi.edu.in
Hit-Count:

Powered by Koha